000 01444cam a2200385 a 4500
001 1941
003 FISKH
005 20231019112728.0
008 951211s1996 nyu j 000 1 eng
010 _a 95052624
020 _a9780689817212
040 _aDLC
_cDLC
_dDLC
_beng
042 _alcac
050 0 0 _aPZ7.K8352
_bVi 1996
082 0 0 _a813.54
_220
100 1 _aKonigsburg, E. L.
245 1 4 _aThe view from Saturday /
_cE.L. Konigsburg.
250 _a1st edition
260 _aNew York :
_bAtheneum,
_c1996.
300 _a163 pages ;
_c20 cm
505 _aW
520 _aFour students, with their own individual stories, develop a special bond and attract the attention of their teacher, a paraplegic, who chooses them to represent their sixth-grade class in the Academic Bowl competition.
521 8 _a870
_bLexile
521 8 _aW
_bRaz-Plus
650 1 _aTeacher-student relationships
_xFiction.
650 1 _aFriendship
_xFiction.
650 1 _aSchools
_xFiction.
650 1 _aContests
_xFiction.
650 1 _aPeople with disabilities
_vFiction.
856 4 2 _3Contributor biographical information
_uhttp://www.loc.gov/catdir/bios/simon051/95052624.html
906 _a7
_bcbc
_corignew
_d1
_eocip
_f19
_gy-gencatlg
942 _2ddc
_cBK
_n0
999 _c1941
_d1941